000 00295 a2200145 4500
001 179357
020 _a
040 _cMagnum
100 _aMálus
240 1 0 _aQuintino, o girino
_lpor
245 1 0 _aQuintino, o girino
362 0 _a1899
697 _aMAGNITO: I/PARADIDATICO
942 _cBK
999 _c179357
_d179357